| 000 | 02709nam0a2200349 4500 | ||
|---|---|---|---|
| 001 | RU\NLR\bibl\1277592 | ||
| 005 | 20250615140117.0 | ||
| 010 |
_a978-5-98281-132-5 _93000 |
||
| 035 | _a(NLR Aleph) 001263397 | ||
| 090 |
_a393420 _c393420 |
||
| 100 | _a20080925d2008 |||y0rusy50 ca | ||
| 101 | 0 | _arus | |
| 102 | _aRU | ||
| 105 | _aa ||||||||| | ||
| 200 | 1 |
_aРасчеты машин и аппаратов химическмх производств и нефтегазопереработки (примеры и задачи) _eучебное пособие для студентов высших учебных заведений, обучающихся по специальности "Машины и аппараты химических производств" направления "Энерго- и ресурсосберегающие процессы в химической технологии, нефтехимиии и биотехнологии" и специальности "Оборудование нефтегазопереработки" направления "Оборудование и агрегаты нефтегазового производства" _fИ.И. Поникаров, С.И. Поникаров, С.В. Рачковский |
|
| 210 |
_aМосква _cАльфа-М _d2008 |
||
| 215 |
_a717 с. _cил. _d22 |
||
| 300 | _aНа 3-й с. авт.: д.т.н., засл. деятель науки и техники РФ, проф. И.И. Поникаров, д.т.н., проф. С.И. Поникаров, к.т.н., доц. С.В. Рачковский | ||
| 320 | _aБиблиогр.: с. 712-713 | ||
| 606 | 1 |
_aХимическое оборудование _jУчебные издания для высших учебных заведений _xРасчет _92536186 _3RU\NLR\auth\661501889 |
|
| 606 | 1 |
_aНефтеперерабатывающие заводы _jУчебные издания для высших учебных заведений _xОборудование _xРасчет _92536189 _3RU\NLR\auth\661501891 |
|
| 606 | 1 |
_aЕстественные газы _jУчебные издания для высших учебных заведений _xПереработка _xОборудование _xРасчет _92536188 _3RU\NLR\auth\661501890 |
|
| 686 | _aЛ11-5-02я73-1 | ||
| 686 | _aЛ54-5-02я73-1 | ||
| 700 | 1 |
_aПоникаров _bИ. И. _gИван Ильич _4070 |
|
| 701 | 1 |
_aПоникаров _bС. И. _gСергей Иванович _4070 |
|
| 701 | 1 |
_aРачковский _bС. В. _gСергей Викторович _4070 |
|
| 801 | 0 |
_aRU _bNLR _c20080925 _gRCR |
|
| 801 | 1 |
_aRU _bNLR _c20080925 |
|
| 942 | _cBOOK | ||
| 980 | _aNB | ||